000
00324nam a2200157Ia 4500
100
_a
Sadasivam/Sudha G
942
_c
BK
366
_f
25
654
_a
component based
245
_a
Component based technology
260
_b
Wiley India
_c
2008
082
_a
5.1
_b
SAD
300
_a
452
546
_a
ENGLISH
999
_c
26333
_d
26333